00989nam a22002657a 4500003000400000005001700004008004100021020003000062040003100092050001600123245016400139260003000303300004700333336002400380337002800404338002500432504004100457650004900498650002500547700003700572700002700609700003600636700002600672700002500698OSt20250305140931.0250305b |||||||| |||| 00| 0 eng d a9783031222764 (hardcover) aNUSTbengcNUSTdNUSTerda aQC879.6 PRA aA practical guide to atmospheric simulation chambers /cedited by Jean-François Doussin, Hendrik Fuchs, Astrid Kiendler-Scharr, Paul Seakins and John Wenger. aCham : bSpringer,c2023. axii, 339 pages : bIllustrations ;c24 cm. 2rdamediaatextbtxt 2rdamediaaunmediatedbn 2rdamediaavolumebnc aIncludes bibliographical references. vAtmospheric chemistry -- Simulation methods. vAtmospheric science. aDoussin, Jean-FrançoiseEditor aFuchs, HendrikeEditor aKiendler-Scharr, AstrideEditor aSeakins, PauleEditor aWenger, JohneEditor